| 000 | 00605nam a22001577a 4500 | ||
|---|---|---|---|
| 999 |
_c132114 _d132114 |
||
| 005 | 20231120100047.0 | ||
| 008 | 231116b ||||| |||| 00| 0 eng d | ||
| 040 | _cPK-LaUMT | ||
| 082 |
_aPKAC 297.74095491 _bMOS-P |
||
| 100 | _aMosa Bhutto, Muhammad = موسٰی بھٹو، محمد | ||
| 245 |
_aPakistan mein dawat o islah ki hikmat i amali = پاکستان میں دعوت و اصلاح کی حکمتِ عملی / _cby Muhammad Mosa Bhutto = از محمد موسٰی بھٹو |
||
| 260 |
_aHyderabad : _bSind National Academy, _c1988 |
||
| 300 | _a128 p. | ||
| 650 | _aDawah-Pakistan | ||
| 942 | _cBK | ||